Islands by Satellite - Hard Version - Statistics

General Stats
  • This quiz has been taken 7 times
  • The average score is 4 of 15
Answer Stats
Picture Answer % Correct
Belitung
100%
Cephalonia
100%
Ibiza
100%
Isle of Wight
100%
Okinawa Island
100%
Spitsbergen
100%
Isla Grande de Tierra del Fuego
50%
Kangaroo Island
50%
Marajó Island
50%
North Sentinel Island
50%
Saint Martin
50%
Santorini
50%
Tenerife
50%
Tobago
50%
Chiloé Island
33%
Palawan Island
33%
Phú Quốc
33%
Phuket
25%
K'gari
20%
Zealand
20%
Anticosti Island
0%
Attu Island
0%
Auckland Island
0%
Bali
0%
Batam Island
0%
Block Island
0%
Bougainville Island
0%
Cebu
0%
Chatham Island
0%
Christmas Island
0%
Djerba
0%
Easter Island
0%
Flinders Island
0%
Gozo
0%
Grand Bahama
0%
Grande-Terre
0%
Guam
0%
Hainan Island
0%
Isla del Sol
0%
Isle of Mann
0%
Isle Royale
0%
Jeju Island
0%
Jersey
0%
Kiritimati
0%
Kodiak Island
0%
Madeira Island
0%
Mahé
0%
Moloka'i
0%
New Britain
0%
New Providence
0%
Ni'ihau
0%
Niue
0%
Passport Island
0%
Prince Edward Island
0%
Príncipe
0%
Réunion
0%
Rhodes
0%
Sable Island
0%
Saint Croix
0%
Saint Helena
0%
Santa Catalina Island
0%
Severny Island
0%
Socotra
0%
South Georgia
0%
Sumba
0%
Timor
0%
Tongatapu
0%
Vanua Levu
0%
Victoria Island
0%
Wrangel Island
0%
No matching quizzes found
Score Distribution
Percent of People with Each Score
Percentile by Number Answered
Your Score History
You have not taken this quiz